The Routledge Handbook of Intercultural Mediation.
Gespeichert in:
| Weitere Verfasser: | |
|---|---|
| Format: | Unbekannt |
| Veröffentlicht: |
New York, USA:
Routledge Taylor & Francis Group,
2023.
|
| Schriftenreihe: | Routledge Handbooks in Communication Studies.
|
| Schlagworte: | |
| Tags: |
Tag hinzufügen
Keine Tags, Fügen Sie den ersten Tag hinzu!
|
MARC
| LEADER | 00000 a2200000 4500 | ||
|---|---|---|---|
| 003 | CL-VaPUC | ||
| 005 | 20230704084547.0 | ||
| 008 | 230619t2023 ||||| |||| 00| 0 eng d | ||
| 999 | |c 441164 |d 441162 | ||
| 020 | |a 9781032129747 | ||
| 040 | |c Pontificia Universidad Católica de Valparaíso | ||
| 082 | 7 | |a 303.482 BUS 2023 |2 22 | |
| 100 | |a Busch, Dominic |9 883104 |e editor | ||
| 245 | 1 | 4 | |a The Routledge Handbook of Intercultural Mediation. |
| 260 | |a New York, USA: |b Routledge Taylor & Francis Group, |c 2023. | ||
| 300 | |a xxvi, 490 páginas. | ||
| 490 | |a Routledge Handbooks in Communication Studies. | ||
| 583 | |k Catalogador Asistente |c 20230619 | ||
| 650 | 0 | |a Comunicación intercultural |9 269907 | |
| 650 | 0 | |a Estudios transculturales |9 883322 | |
| 650 | 0 | |a Comunicación y cultura |9 883323 | |
| 942 | |2 ddc |c BK | ||
| 952 | |0 0 |1 0 |2 ddc |4 0 |6 303_482000000000000_BUS_2023 |7 0 |8 A |9 590529 |a BIBEDU |b BIBEDU |c GEN |d 2023-06-19 |e 13 |g 199801.00 |i 5657814 |o 303.482 BUS 2023 |p 5657814 |r 2023-06-19 |t 3 |v 199801.00 |w 2023-06-19 |y BK |k LIT | ||
| 952 | |0 0 |1 0 |2 ddc |4 0 |6 303_482000000000000_BUS_2023 |7 0 |8 A |9 590530 |a BIBEDU |b BIBEDU |c GEN |d 2023-06-19 |e 13 |g 199801.00 |i 5657813 |o 303.482 BUS 2023 |p 5657813 |r 2023-06-19 |t 2 |v 199801.00 |w 2023-06-19 |y BK |k LIT | ||
| 952 | |0 0 |1 0 |2 ddc |4 0 |6 303_482000000000000_BUS_2023 |7 0 |8 A |9 590531 |a BIBEDU |b BIBEDU |c GEN |d 2023-06-19 |e 13 |g 199801.00 |i 5657812 |o 303.482 BUS 2023 |p 5657812 |r 2023-06-19 |t 1 |v 199801.00 |w 2023-06-19 |y BK |k LIT | ||